[Event "1. Bundesliga 2017/2018"]
[Site "Grieskirchen"]
[Date "2018.01.20"]
[Round "7"]
[Board "5"]
[White "Mesaros, Florian"]
[Black "Shengelia, David"]
[Result "1-0"]
[WhiteElo "2424"]
[BlackElo "2505"]
[PlyCount "107"]
[EventDate "2017.11.16"]
[EventType "team"]
[EventRounds "11"]
[EventCountry "AUT"]
[WhiteTeam "ASVOE Wulkaprodersdorf"]
[BlackTeam "Schachklub Sparkasse Jenbach"]

1.Nf3 Nf6 2.c4 b6 3.g3 Bb7 4.Bg2 g6 5.O-O Bg7 6.d4 O-O 7.d5 e6 8.Nc3 Re8 9.e4 exd5
10.exd5 Na6 11.Re1 Nc5 12.Rxe8+ Nxe8 13.Bg5 Bf6 14.Bxf6 Qxf6 15.Qd4 Qxd4 16.Nxd4 Nd6
17.b3 a5 18.Ncb5 Nxb5 19.Nxb5 Rc8 20.Re1 Ba6 21.Nd4 Kf8 22.Re3 Rb8 23.Bf1 Re8 24.Rxe8+
Kxe8 25.f3 Ke7 26.Kf2 Kd6 27.Ke3 c6 28.dxc6 dxc6 29.Kf4 h6 30.Ke3 Bc8 31.Bg2 Ne6 32.f4
Kc5 33.Nf3 Kb4 34.Ne5 Ka3 35.Kd2 Kxa2 36.Kc3 c5 37.Nxf7 Nd4 38.Nxh6 Be6 39.Bf1 Nxb3
40.Bd3 Nd4 41.g4 a4 42.f5 gxf5 43.gxf5 Bd7 44.f6 a3 45.f7 Ne6 46.Bf5 Nf8 47.Bxd7 Nxd7
48.Kc2 Nf8 49.Nf5 Ka1 50.h4 Ne6 51.h5 b5 52.cxb5 a2 53.Kc1 c4 54.f8=Q 1-0

[Event "1. Bundesliga 2017/2018"]
[Site "Grieskirchen"]
[Date "2018.01.20"]
[Round "7"]
[Board "6"]
[White "Schlosser, Philipp"]
[Black "Volkmann, Friedrich Karl"]
[Result "1-0"]
[WhiteElo "2511"]
[BlackElo "2403"]
[PlyCount "81"]
[EventDate "2017.11.16"]
[EventType "team"]
[EventRounds "11"]
[EventCountry "AUT"]
[WhiteTeam "Schachklub Sparkasse Jenbach"]
[BlackTeam "ASVOE Wulkaprodersdorf"]

1.Nf3 Nf6 2.g3 b5 3.Bg2 Bb7 4.O-O c5 5.d3 e6 6.e4 d6 7.Ng5 h6 8.Nh3 Nbd7 9.f4 Qc7
10.Qe2 Rc8 11.Nc3 a6 12.Nd1 Be7 13.Ndf2 e5 14.c3 O-O 15.g4 exf4 16.Bxf4 Nh7 17.Rae1
Ne5 18.Bg3 Qd8 19.Nf4 Bh4 20.Nh1 Re8 21.h3 g6 22.Qf2 Bxg3 23.Nxg3 Rc7 24.Re3 Qh4 25.d4
Nc4 26.Rd3 cxd4 27.cxd4 Rce7 28.b3 Nb6 29.e5 dxe5 30.dxe5 Nc8 31.e6 Ng5 32.Bxb7 Rxb7
33.Rd7 Rxe6 34.Rxb7 Rf6 35.Qe3 Nd6 36.Rb8+ Kh7 37.Nge2 Nde4 38.Re8 Nd2 39.Qxd2 Nxh3+
40.Nxh3 Qxg4+ 41.Ng3 1-0

[Event "1. Bundesliga 2017/2018"]
[Site "Grieskirchen"]
[Date "2018.01.20"]
[Round "7"]
[Board "1"]
[White "Lenic, Luka"]
[Black "Haba, Petr"]
[Result "1/2-1/2"]
[WhiteElo "2653"]
[BlackElo "2454"]
[PlyCount "61"]
[EventDate "2017.11.16"]
[EventType "team"]
[EventRounds "11"]
[EventCountry "AUT"]
[WhiteTeam "SV Raika Rapid Feffernitz"]
[BlackTeam "Grieskirchen/Bad Schallerbach"]

1.d4 d5 2.Nf3 Nf6 3.c4 e6 4.Nc3 c6 5.Bg5 Nbd7 6.e3 h6 7.Bh4 g5 8.Bg3 Nh5 9.Qc2 Nxg3
10.hxg3 Bg7 11.O-O-O Qe7 12.Kb1 O-O 13.Bd3 dxc4 14.Bxc4 Rd8 15.Ne4 b6 16.Ne5 Nxe5
17.dxe5 Rxd1+ 18.Rxd1 Bxe5 19.f4 Bg7 20.Nd6 Bd7 21.e4 c5 22.e5 Bc6 23.Qe2 Rd8 24.a3
gxf4 25.gxf4 Qh4 26.g4 Qg3 27.Rf1 Qg2 28.Rf2 Qh1+ 29.Rf1 Qg2 30.Rf2 Qh1+ 31.Rf1 1/2-1/2

[Event "1. Bundesliga 2017/2018"]
[Site "Grieskirchen"]
[Date "2018.01.20"]
[Round "7"]
[Board "2"]
[White "Kilgus, Georg"]
[Black "Skoberne, Jure"]
[Result "1/2-1/2"]
[WhiteElo "2413"]
[BlackElo "2569"]
[PlyCount "109"]
[EventDate "2017.11.16"]
[EventType "team"]
[EventRounds "11"]
[EventCountry "AUT"]
[WhiteTeam "Grieskirchen/Bad Schallerbach"]
[BlackTeam "SV Raika Rapid Feffernitz"]

1.d4 g6 2.c4 Bg7 3.e4 d6 4.Nc3 Nf6 5.h3 O-O 6.Be3 c5 7.Nf3 cxd4 8.Nxd4 Bd7 9.Be2 Nc6
10.O-O Nxd4 11.Bxd4 Bc6 12.Qc2 Nd7 13.Bxg7 Kxg7 14.b4 Nf6 15.Rfd1 Qc7 16.a3 a5 17.Qb2
Kg8 18.Nd5 Bxd5 19.exd5 axb4 20.axb4 Rxa1 21.Rxa1 Qb6 22.Ra5 Rc8 23.Rb5 Qa7 24.Ra5
Qb6 25.Rb5 Qc7 26.Ra5 Nd7 27.Qd4 Nb6 28.Rb5 Nxc4 29.Bxc4 Qxc4 30.Qxc4 Rxc4 31.Rxb7
Rd4 32.Rxe7 Rxb4 33.Rd7 Rb6 34.g4 h6 35.Kg2 Kf8 36.Rd8+ Ke7 37.Rh8 Rb5 38.Rxh6 Rxd5
39.h4 Rd4 40.Kf3 d5 41.Rh8 Rd3+ 42.Kf4 Rh3 43.Ke5 Rf3 44.Kxd5 Rxf2 45.Ke5 f6+ 46.Kd5
Re2 47.Rh7+ Kf8 48.Ra7 Kg8 49.Rb7 f5 50.gxf5 gxf5 51.Kd4 Re4+ 52.Kd5 Rxh4 53.Ke5 Rh7
54.Rxh7 Kxh7 55.Kxf5 1/2-1/2

[Event "1. Bundesliga 2017/2018"]
[Site "Grieskirchen"]
[Date "2018.01.20"]
[Round "7"]
[Board "3"]
[White "Diermair, Andreas"]
[Black "Schwabeneder, Florian"]
[Result "1/2-1/2"]
[WhiteElo "2514"]
[BlackElo "2422"]
[PlyCount "180"]
[EventDate "2017.11.16"]
[EventType "team"]
[EventRounds "11"]
[EventCountry "AUT"]
[WhiteTeam "SV Raika Rapid Feffernitz"]
[BlackTeam "Grieskirchen/Bad Schallerbach"]

1.d4 Nf6 2.c4 c5 3.d5 e5 4.Nc3 d6 5.e4 Nbd7 6.g3 a6 7.Bg2 h5 8.a4 h4 9.Nf3 h3 10.Bf1
Be7 11.Be2 Nf8 12.Nd2 N6h7 13.Nf1 Bg5 14.f4 exf4 15.gxf4 Bf6 16.Be3 Ng6 17.Qd2 O-O
18.Rg1 Nh4 19.O-O-O Qa5 20.Ng3 Ng2 21.Nh5 Bxc3 22.bxc3 b5 23.f5 Qxa4 24.Bf2 Qa1+ 25.Kc2
Qa2+ 26.Kc1 Qa1+ 27.Kc2 Qa4+ 28.Kc1 bxc4 29.Qc2 Qxc2+ 30.Kxc2 g6 31.Ng3 Bd7 32.Ra1
Ng5 33.Bg4 Rfe8 34.Bxh3 Nf4 35.Bg4 Nxe4 36.Nxe4 Rxe4 37.Bf3 Ree8 38.fxg6 Bf5+ 39.Kd2
fxg6 40.Bg3 Nh3 41.Rgf1 Bd3 42.Rfe1 Ng5 43.Bg4 Ne4+ 44.Rxe4 Bxe4 45.Be6+ Kh7 46.Bxd6
Bf5 47.Bxf5 gxf5 48.Bc7 Kg6 49.d6 Kf7 50.d7 Red8 51.Bxd8 Rxd8 52.Rxa6 Rxd7+ 53.Ke3
Rd3+ 54.Kf4 Rxc3 55.Rc6 Rh3 56.Kxf5 Ke7 57.Ke4 Rh5 58.Ke3 Kd7 59.Rg6 Rxh2 60.Ke4 Rd2
61.Ke3 Rd3+ 62.Ke2 Rd6 63.Rg4 Rd4 64.Rg6 Rd6 65.Rg4 Kc6 66.Rxc4 Kb5 67.Rc1 Rd5 68.Ke3
Kb4 69.Ke4 Rd4+ 70.Ke3 Rd5 71.Ke4 Rd4+ 72.Ke3 Rc4 73.Rb1+ Kc3 74.Rc1+ Kb3 75.Rb1+
Kc2 76.Rb5 Kc3 77.Rb1 Rd4 78.Rc1+ Kb4 79.Rb1+ Kc4 80.Rc1+ Kd5 81.Rh1 Kc6 82.Rb1 Rd5
83.Ke4 Rd8 84.Rc1 Rd2 85.Ke3 Rb2 86.Kd3 Rb3+ 87.Kc4 Rb4+ 88.Kc3 Rh4 89.Rg1 Kb5 90.Rb1+
Kc6 1/2-1/2

[Event "1. Bundesliga 2017/2018"]
[Site "Grieskirchen"]
[Date "2018.01.20"]
[Round "7"]
[Board "4"]
[White "Webersberger, Johann"]
[Black "Schreiner, Peter"]
[Result "1-0"]
[WhiteElo "2341"]
[BlackElo "2465"]
[PlyCount "49"]
[EventDate "2017.11.16"]
[EventType "team"]
[EventRounds "11"]
[EventCountry "AUT"]
[WhiteTeam "Grieskirchen/Bad Schallerbach"]
[BlackTeam "SV Raika Rapid Feffernitz"]

1.d4 Nf6 2.Bg5 c6 3.Nd2 d5 4.e3 Bg4 5.Be2 Bxe2 6.Nxe2 e6 7.O-O Bd6 8.f4 Nbd7 9.e4
dxe4 10.Nxe4 Be7 11.N2g3 h6 12.Bxf6 Nxf6 13.f5 Nxe4 14.Nxe4 exf5 15.Rxf5 g6 16.Re5
Qc7 17.Qf3 f5 18.Nf6+ Kf8 19.Nh5 gxh5 20.Rxf5+ Ke8 21.Re1 Qd6 22.Rf7 Qxd4+ 23.Kh1
Qd6 24.Qxh5 Kd7 25.Rd1 1-0

[Event "1. Bundesliga 2017/2018"]
[Site "Grieskirchen"]
[Date "2018.01.20"]
[Round "7"]
[Board "5"]
[White "Sebenik, Matej"]
[Black "Lentrodt, Thomas"]
[Result "1/2-1/2"]
[WhiteElo "2562"]
[BlackElo "2276"]
[PlyCount "115"]
[EventDate "2017.11.16"]
[EventType "team"]
[EventRounds "11"]
[EventCountry "AUT"]
[WhiteTeam "SV Raika Rapid Feffernitz"]
[BlackTeam "Grieskirchen/Bad Schallerbach"]

1.Nf3 Nf6 2.g3 b6 3.Bg2 Bb7 4.O-O c5 5.d3 d5 6.Nbd2 Qc7 7.Re1 e5 8.e4 d4 9.Nh4 g6
10.f4 Nc6 11.Nc4 Nd7 12.Nf3 b5 13.Ncxe5 Ndxe5 14.Nxe5 Nxe5 15.fxe5 Bg7 16.a4 b4 17.e6
fxe6 18.Bh3 Bc8 19.Rf1 Rf8 20.Rxf8+ Kxf8 21.Bg5 e5 22.Bxc8 Qxc8 23.c3 Qe6 24.cxb4
cxb4 25.Rc1 Rc8 26.Rxc8+ Qxc8 27.Qb3 a5 28.Qd5 Qg4 29.Qd8+ Kf7 30.Qe7+ Kg8 31.Qe8+
Bf8 32.Qxe5 Qd1+ 33.Kf2 Qc2+ 34.Ke1 h6 35.Qe6+ Kh7 36.Bf6 Qc1+ 37.Kf2 Qe3+ 38.Kg2
Qe2+ 39.Kh3 Qh5+ 40.Kg2 Qe2+ 41.Kh3 Qh5+ 42.Bh4 g5 43.Qf5+ Kg7 44.Qd5 Kh7 45.Qf5+
Kg7 46.Qd5 Kh7 47.Qf5+ Kg8 48.b3 Be7 49.g4 Qxh4+ 50.Kg2 Qe1 51.Qg6+ Kf8 52.Qxh6+ Kf7
53.Qh7+ Ke8 54.Qh8+ Bf8 55.Qe5+ Be7 56.Qh8+ Bf8 57.Qe5+ Be7 58.Qh8+ 1/2-1/2

[Event "1. Bundesliga 2017/2018"]
[Site "Grieskirchen"]
[Date "2018.01.20"]
[Round "7"]
[Board "6"]
[White "Salvenmoser, Stefan"]
[Black "Novak, Pavel"]
[Result "0-1"]
[WhiteElo "2188"]
[BlackElo "2380"]
[PlyCount "54"]
[EventDate "2017.11.16"]
[EventType "team"]
[EventRounds "11"]
[EventCountry "AUT"]
[WhiteTeam "Grieskirchen/Bad Schallerbach"]
[BlackTeam "SV Raika Rapid Feffernitz"]

1.e4 c5 2.Nf3 Nc6 3.Bb5 g6 4.O-O Bg7 5.Re1 Nf6 6.c3 O-O 7.h3 a6 8.Bxc6 bxc6 9.d4 cxd4
10.cxd4 d5 11.e5 Ne4 12.Nbd2 c5 13.Nxe4 dxe4 14.Rxe4 Bb7 15.Re1 Bxf3 16.Qxf3 cxd4
17.Bf4 Qb6 18.Qa3 e6 19.Rad1 Rfd8 20.Re2 Rd5 21.Qf3 Rad8 22.Rd3 Qa5 23.Ra3 Qc7 24.Qd3
Bxe5 25.Rc2 Qb8 26.Rb3 Qd6 27.Bg5 Bh2+ 0-1

[Event "1. Bundesliga 2017/2018"]
[Site "Grieskirchen"]
[Date "2018.01.20"]
[Round "7"]
[Board "1"]
[White "Huschenbeth, Niclas"]
[Black "Repka, Christopher"]
[Result "0-1"]
[WhiteElo "2560"]
[BlackElo "2521"]
[PlyCount "128"]
[EventDate "2017.11.16"]
[EventType "team"]
[EventRounds "11"]
[EventCountry "AUT"]
[WhiteTeam "Schachclub Sparkasse Goetzis"]
[BlackTeam "ASVOE Pamhagen"]

1.e4 e6 2.d4 d5 3.Nd2 a6 4.Bd3 c5 5.dxc5 Bxc5 6.Ngf3 Nc6 7.a3 Nf6 8.Qe2 Qc7 9.O-O
e5 10.exd5 Nxd5 11.Ne4 Be7 12.Ng3 Bg4 13.Nf5 O-O-O 14.h3 Bh5 15.Re1 Bf6 16.g4 Bg6
17.g5 Qd7 18.Qe4 Rhe8 19.Qg4 Kb8 20.Ng3 Qxg4 21.hxg4 Bxd3 22.gxf6 Bxc2 23.fxg7 Rg8
24.Bh6 Rd6 25.g5 f6 26.Rac1 fxg5 27.Rxc2 Rxh6 28.Nxe5 Nce7 29.Ng4 Rh4 30.Ne3 Nxe3
31.Rxe3 Rxg7 32.Rc5 Nc6 33.Rd5 Rf4 34.Nh5 Rg4+ 35.Kf1 Rf7 36.Ng3 Nd4 37.Kg2 Nf5 38.Re8+
Ka7 39.Re4 Nh4+ 40.Kg1 Rgf4 41.Rxf4 Rxf4 42.Kf1 h6 43.Ke2 Rf3 44.Rd2 Rb3 45.Ne4 Nf3
46.Rd6 g4 47.Rxh6 Rxb2+ 48.Ke3 Rb3+ 49.Kf4 Rxa3 50.Kxg4 Ne5+ 51.Kf5 Ra5 52.Rh7 Nd3+
53.Kg4 Ra4 54.Kf5 a5 55.Rd7 Rxe4 56.Rxd3 Re1 57.f4 b5 58.Rd5 Kb6 59.Kg6 b4 60.f5 b3
61.Rd8 Kc7 62.Rd2 Rg1+ 63.Kf7 a4 64.Rb2 Rg3 0-1

[Event "1. Bundesliga 2017/2018"]
[Site "Grieskirchen"]
[Date "2018.01.20"]
[Round "7"]
[Board "2"]
[White "Rubil, Marko"]
[Black "Krassowizkij, Jaroslaw"]
[Result "0-1"]
[WhiteElo "2231"]
[BlackElo "2442"]
[PlyCount "82"]
[EventDate "2017.11.16"]
[EventType "team"]
[EventRounds "11"]
[EventCountry "AUT"]
[WhiteTeam "ASVOE Pamhagen"]
[BlackTeam "Schachclub Sparkasse Goetzis"]

1.e4 e6 2.d4 d5 3.e5 c5 4.c3 Qb6 5.Nf3 Nc6 6.Bd3 cxd4 7.cxd4 Bd7 8.O-O Nxd4 9.Nbd2
Bc5 10.b4 Nxf3+ 11.Nxf3 Qxb4 12.Rb1 Qa4 13.Qxa4 Bxa4 14.Rxb7 Ne7 15.Be3 Bxe3 16.fxe3
Bc6 17.Rb3 O-O 18.Nd4 Rfb8 19.Rc1 Rxb3 20.axb3 Be8 21.Rc7 Kf8 22.Kf2 a5 23.Rb7 Nc6
24.Nxc6 Bxc6 25.Rb6 Be8 26.e4 d4 27.Ra6 Rxa6 28.Bxa6 f6 29.exf6 gxf6 30.Ke2 e5 31.Kd3
Bf7 32.Kc2 Ke7 33.Kb2 Kd6 34.Bd3 Kc5 35.Ka3 Be8 36.Kb2 Kb4 37.Be2 Bb5 38.Bg4 Bf1 39.g3
d3 40.Bc8 Bg2 41.Bb7 Bf3 0-1

[Event "1. Bundesliga 2017/2018"]
[Site "Grieskirchen"]
[Date "2018.01.20"]
[Round "7"]
[Board "3"]
[White "Walter, Stefan"]
[Black "Horvath, Dominik"]
[Result "1-0"]
[WhiteElo "2405"]
[BlackElo "2383"]
[PlyCount "85"]
[EventDate "2017.11.16"]
[EventType "team"]
[EventRounds "11"]
[EventCountry "AUT"]
[WhiteTeam "Schachclub Sparkasse Goetzis"]
[BlackTeam "ASVOE Pamhagen"]

1.d4 Nf6 2.c4 e6 3.Nc3 Bb4 4.Qc2 d5 5.cxd5 Qxd5 6.e3 c5 7.Bd2 Bxc3 8.Bxc3 Nc6 9.dxc5
Qxc5 10.Rc1 Bd7 11.a3 O-O 12.Nf3 Rac8 13.b4 Qe7 14.Qb2 a6 15.Be2 Rfd8 16.O-O Be8 17.Rfd1
Rxd1+ 18.Rxd1 Rd8 19.Rc1 Na7 20.Bd4 Nc6 21.Bc3 Na7 22.Bd4 Nc6 23.Bb6 Ra8 24.Nd2 Nd7
25.Bc7 Nf6 26.Bb6 Nd7 27.Bc7 Nf6 28.Bg3 Nd5 29.Nb3 Rd8 30.h3 f6 31.Nc5 e5 32.Bc4 Bf7
33.Qa2 b5 34.Bb3 a5 35.e4 Nf4 36.Bxf4 exf4 37.Bxf7+ Qxf7 38.Qxf7+ Kxf7 39.Nb7 Rd7
40.Rxc6 Rxb7 41.bxa5 b4 42.a6 Rb8 43.a7 1-0

[Event "1. Bundesliga 2017/2018"]
[Site "Grieskirchen"]
[Date "2018.01.20"]
[Round "7"]
[Board "4"]
[White "Vitouch, Anatol"]
[Black "Kessler, Luca"]
[Result "1/2-1/2"]
[WhiteElo "2318"]
[BlackElo "2416"]
[PlyCount "59"]
[EventDate "2017.11.16"]
[EventType "team"]
[EventRounds "11"]
[EventCountry "AUT"]
[WhiteTeam "ASVOE Pamhagen"]
[BlackTeam "Schachclub Sparkasse Goetzis"]

1.c4 g6 2.g3 Bg7 3.Bg2 c5 4.Nc3 Nc6 5.Nf3 e6 6.e3 Nge7 7.d4 cxd4 8.Nxd4 d5 9.cxd5
Nxd4 10.exd4 Nxd5 11.O-O O-O 12.Re1 b6 13.Nxd5 exd5 14.h4 Be6 15.Bg5 Qd7 16.Qb3 Rac8
17.Be3 h6 18.Rec1 Rc4 19.Bf1 Rxc1 20.Rxc1 Rc8 21.Rc3 Rxc3 22.bxc3 Kh7 23.Bb5 Qc8 24.Qa3
a5 25.Qb3 Bf6 26.Be2 Kg7 27.Bd2 Qc6 28.Bb5 Qc8 29.Be2 Qc6 30.Bb5 1/2-1/2

[Event "1. Bundesliga 2017/2018"]
[Site "Grieskirchen"]
[Date "2018.01.20"]
[Round "7"]
[Board "5"]
[White "Kvetny, Mark"]
[Black "Kuthan, Andreas"]
[Result "1/2-1/2"]
[WhiteElo "2403"]
[BlackElo "2194"]
[PlyCount "66"]
[EventDate "2017.11.16"]
[EventType "team"]
[EventRounds "11"]
[EventCountry "AUT"]
[WhiteTeam "Schachclub Sparkasse Goetzis"]
[BlackTeam "ASVOE Pamhagen"]

1.c4 e6 2.Nc3 d5 3.d4 Nf6 4.cxd5 exd5 5.Bg5 c6 6.e3 Be7 7.Bd3 Nbd7 8.Nge2 h6 9.Bh4
Nh5 10.Bxe7 Qxe7 11.g4 Nhf6 12.Ng3 Nb6 13.h3 Bd7 14.Qb3 Be6 15.Nf5 Bxf5 16.gxf5 Nc8
17.O-O-O Nd6 18.Rhg1 Rg8 19.Rde1 O-O-O 20.f3 Nh5 21.Qc2 Kb8 22.e4 Qh4 23.Qh2 Qf4+
24.Qd2 Nc4 25.Bxc4 dxc4 26.Re3 Ng3 27.Qf2 Nh5 28.Rg4 Qc7 29.e5 Qb6 30.Qh4 g6 31.Re1
Nf4 32.Rxf4 g5 33.Qf2 gxf4 1/2-1/2

[Event "1. Bundesliga 2017/2018"]
[Site "Grieskirchen"]
[Date "2018.01.20"]
[Round "7"]
[Board "6"]
[White "Fleischhacker, Christian"]
[Black "De Visser, Leon"]
[Result "0-1"]
[WhiteElo "1828"]
[BlackElo "2243"]
[PlyCount "51"]
[EventDate "2017.11.16"]
[EventType "team"]
[EventRounds "11"]
[EventCountry "AUT"]
[WhiteTeam "ASVOE Pamhagen"]
[BlackTeam "Schachclub Sparkasse Goetzis"]

1.e4 c6 2.d4 d5 3.exd5 cxd5 4.h3 Nc6 5.Nf3 Nf6 6.Nc3 Bf5 7.Bd3 Bxd3 8.Qxd3 e6 9.Bf4
Be7 10.O-O O-O 11.a3 Rc8 12.Ne5 Na5 13.b4 Nc4 14.Nxc4 Rxc4 15.Ne2 Qd7 16.c3 Rfc8 17.Rfc1
Qc6 18.f3 Ne8 19.Qd1 Bd6 20.Bxd6 Nxd6 21.a4 a5 22.b5 Qc7 23.Qd2 Nf5 24.Kf2 h5 25.f4
Nd6 26.Ng3 0-1

[Event "1. Bundesliga 2017/2018"]
[Site "Grieskirchen"]
[Date "2018.01.20"]
[Round "7"]
[Board "1"]
[White "Dizdar, Goran"]
[Black "Ragger, Markus"]
[Result "1/2-1/2"]
[WhiteElo "2488"]
[BlackElo "2673"]
[PlyCount "84"]
[EventDate "2017.11.16"]
[EventType "team"]
[EventRounds "11"]
[EventCountry "AUT"]
[WhiteTeam "Schachklub Absam"]
[BlackTeam "SC MPOE Maria Saal"]

1.Nf3 c5 2.c4 g6 3.d4 cxd4 4.Nxd4 Nc6 5.e4 Nf6 6.Nc3 d6 7.Be2 Nxd4 8.Qxd4 Bg7 9.O-O
O-O 10.Qe3 Be6 11.Bd2 Nd7 12.f4 Qb6 13.Qxb6 Nxb6 14.b3 Bd7 15.Rac1 Rfc8 16.Be3 Bc6
17.Nd5 Bxd5 18.exd5 Bb2 19.Rcd1 Ba3 20.g4 Bc5 21.Bxc5 Rxc5 22.g5 a5 23.a4 f5 24.Rf3
Rc7 25.Re3 Kf7 26.h4 Nd7 27.h5 Nc5 28.Kg2 Rg8 29.Rh1 Rg7 30.Bd1 Rc8 31.Rhe1 Ke8 32.Bc2
Kd7 33.Kf2 Re8 34.R1e2 e6 35.dxe6+ Rxe6 36.Kf3 Rge7 37.Rxe6 Nxe6 38.Rd2 Kc6 39.Rd5
b6 40.h6 Nc7 41.Rd3 Ne6 42.Rd5 Nc7 1/2-1/2

[Event "1. Bundesliga 2017/2018"]
[Site "Grieskirchen"]
[Date "2018.01.20"]
[Round "7"]
[Board "2"]
[White "Predojevic, Borki"]
[Black "Bayer, Bernhard"]
[Result "1-0"]
[WhiteElo "2640"]
[BlackElo "2425"]
[PlyCount "85"]
[EventDate "2017.11.16"]
[EventType "team"]
[EventRounds "11"]
[EventCountry "AUT"]
[WhiteTeam "SC MPOE Maria Saal"]
[BlackTeam "Schachklub Absam"]

1.e4 e5 2.Nf3 Nc6 3.Bc4 Bc5 4.O-O Nf6 5.d3 d6 6.c3 Bb6 7.a4 a6 8.Nbd2 O-O 9.Bb3 Ne7
10.h3 Ng6 11.d4 c6 12.Re1 h6 13.Bc2 Bc7 14.Nf1 Re8 15.Ng3 Be6 16.Be3 d5 17.Nxe5 Nxe5
18.dxe5 Nxe4 19.Nxe4 dxe4 20.Bd4 Bd5 21.Bxe4 Bxe4 22.Rxe4 Qd5 23.Qc2 Bxe5 24.Rae1
f6 25.Kh1 c5 26.Bxe5 Rxe5 27.Rxe5 fxe5 28.c4 Qd6 29.Rd1 Qc6 30.Rd5 Re8 31.a5 e4 32.Qc3
Qc7 33.Kg1 Kh8 34.Qd2 Re7 35.b3 Kh7 36.Rd6 Rf7 37.Rd5 Re7 38.h4 Qc6 39.Qf4 Qg6 40.h5
Qc6 41.Qf5+ g6 42.Qf8 Rg7 43.Rd6 1-0

[Event "1. Bundesliga 2017/2018"]
[Site "Grieskirchen"]
[Date "2018.01.20"]
[Round "7"]
[Board "3"]
[White "Lehner, Oliver"]
[Black "Naumann, Alexander"]
[Result "1/2-1/2"]
[WhiteElo "2402"]
[BlackElo "2551"]
[PlyCount "41"]
[EventDate "2017.11.16"]
[EventType "team"]
[EventRounds "11"]
[EventCountry "AUT"]
[WhiteTeam "Schachklub Absam"]
[BlackTeam "SC MPOE Maria Saal"]

1.Nf3 d5 2.d4 Nf6 3.c4 e6 4.Nc3 c6 5.e3 Nbd7 6.Qc2 Bd6 7.b3 O-O 8.Be2 b6 9.O-O Bb7
10.Bb2 Qe7 11.Rad1 Rad8 12.e4 Nxe4 13.Nxe4 dxe4 14.Qxe4 Nf6 15.Qh4 c5 16.dxc5 Bxc5
17.Qg3 Nh5 18.Qe5 Nf6 19.Qg3 Nh5 20.Qe5 Nf6 21.Qg3 1/2-1/2

[Event "1. Bundesliga 2017/2018"]
[Site "Grieskirchen"]
[Date "2018.01.20"]
[Round "7"]
[Board "4"]
[White "Buhmann, Rainer"]
[Black "Deglmann, Ludwig"]
[Result "1-0"]
[WhiteElo "2589"]
[BlackElo "2278"]
[PlyCount "71"]
[EventDate "2017.11.16"]
[EventType "team"]
[EventRounds "11"]
[EventCountry "AUT"]
[WhiteTeam "SC MPOE Maria Saal"]
[BlackTeam "Schachklub Absam"]

1.d4 e6 2.c4 Bb4+ 3.Bd2 c5 4.Bxb4 cxb4 5.a3 bxa3 6.Nxa3 Nf6 7.Nf3 O-O 8.e3 d6 9.Be2
Nc6 10.O-O a5 11.Nb5 Qe7 12.Ne1 b6 13.Nc2 d5 14.Nca3 Nb4 15.Rc1 Na2 16.Ra1 Nb4 17.cxd5
exd5 18.Nc3 Bf5 19.Qd2 Rad8 20.Nab5 Rfe8 21.Rfc1 Ne4 22.Nxe4 Bxe4 23.Rc7 Qg5 24.Bf1
Re6 25.Nc3 h5 26.Ne2 h4 27.Nf4 Red6 28.Rac1 Qf6 29.h3 g5 30.Nd3 Bxd3 31.Bxd3 Kg7 32.Bb1
R8d7 33.R7c3 Rd8 34.Qe2 Kh6 35.Qg4 Rg8 36.Rc7 1-0

[Event "1. Bundesliga 2017/2018"]
[Site "Grieskirchen"]
[Date "2018.01.20"]
[Round "7"]
[Board "5"]
[White "Duer, Werner"]
[Black "Halvax, Georg"]
[Result "1/2-1/2"]
[WhiteElo "2223"]
[BlackElo "2434"]
[PlyCount "120"]
[EventDate "2017.11.16"]
[EventType "team"]
[EventRounds "11"]
[EventCountry "AUT"]
[WhiteTeam "Schachklub Absam"]
[BlackTeam "SC MPOE Maria Saal"]

1.Nf3 Nf6 2.c4 e6 3.g3 d5 4.Bg2 dxc4 5.Qa4+ Bd7 6.Qxc4 c5 7.O-O Bc6 8.b3 Be7 9.Bb2
Nbd7 10.d3 O-O 11.Nbd2 Rc8 12.Qc2 b6 13.Rac1 Qc7 14.Qb1 Qb7 15.Nc4 Rfd8 16.Rfd1 Ne8
17.a3 Bf6 18.b4 cxb4 19.Bxf6 Ndxf6 20.axb4 a6 21.Nce5 Ba4 22.Ng5 Rd5 23.Rxc8 Qxc8
24.Rc1 Qb8 25.Nexf7 h6 26.Nxh6+ gxh6 27.Nxe6 Bd7 28.Bxd5 Nxd5 29.Nd4 Qe5 30.Nc6 Qg5
31.h4 Qf6 32.Qc2 Nd6 33.e4 Bxc6 34.Qxc6 Nxb4 35.Qxb6 a5 36.Qxa5 Nxd3 37.Qa8+ Kh7 38.Qa7+
Nf7 39.Rc7 Kg7 40.f4 Nb2 41.Rxf7+ Qxf7 42.Qd4+ Qf6 43.e5 Qc6 44.Qxb2 Qf3 45.Kh2 Kg6
46.Qc2+ Kg7 47.f5 Qe3 48.f6+ Kf7 49.Qc4+ Kg6 50.Qg4+ Kf7 51.Qf5 Qe2+ 52.Kh3 h5 53.Qd7+
Kg6 54.Qg7+ Kf5 55.Qg5+ Ke6 56.Qg8+ Kf5 57.Qd5 Kg6 58.Qg8+ Kf5 59.Qd5 Kg6 60.Qg8+
Kf5 1/2-1/2

[Event "1. Bundesliga 2017/2018"]
[Site "Grieskirchen"]
[Date "2018.01.20"]
[Round "7"]
[Board "6"]
[White "Kreisl, Robert"]
[Black "Gerhold, Michael"]
[Result "1-0"]
[WhiteElo "2406"]
[BlackElo "2254"]
[PlyCount "76"]
[EventDate "2017.11.16"]
[EventType "team"]
[EventRounds "11"]
[EventCountry "AUT"]
[WhiteTeam "SC MPOE Maria Saal"]
[BlackTeam "Schachklub Absam"]

1.e4 e5 2.Nf3 Nc6 3.Bc4 Bc5 4.c3 Nf6 5.b4 Bb6 6.d3 d6 7.a4 a6 8.O-O O-O 9.Nbd2 Ne7
10.Bb3 Ng6 11.Nc4 Ba7 12.Re1 Be6 13.g3 Bg4 14.Kg2 Qd7 15.Ne3 Bxe3 16.Bxe3 Nh5 17.Rh1
Nhf4+ 18.Kf1 Nh3 19.d4 Qc6 20.Bd5 Qxc3 21.Rc1 Qxb4 22.Qd2 Bxf3 23.Qxb4 c6 24.Ba2 Bxh1
25.Ke2 Bxe4 26.dxe5 d5 27.Bb1 f6 28.Bxe4 dxe4 29.e6 Ng5 30.Bxg5 fxg5 31.Qxb7 Rab8
32.Qxc6 Ne5 33.Qxe4 Nf3 34.Rc2 Rb1 35.Qxf3 Rxf3 36.Kxf3 Kf8 37.Rc6 a5 38.Ra6 g4+ 1-0

[Event "1. Bundesliga 2017/2018"]
[Site "Grieskirchen"]
[Date "2018.01.20"]
[Round "7"]
[Board "1"]
[White "Mons, Leon"]
[Black "Bindrich, Falko"]
[Result "1/2-1/2"]
[WhiteElo "2542"]
[BlackElo "2588"]
[PlyCount "190"]
[EventDate "2017.11.16"]
[EventType "team"]
[EventRounds "11"]
[EventCountry "AUT"]
[WhiteTeam "SIR Royal Salzburg"]
[BlackTeam "SK Hohenems"]

1.c4 e6 2.Nf3 d5 3.b3 Nf6 4.Bb2 Be7 5.e3 O-O 6.Nc3 b6 7.d4 Bb7 8.Bd3 c5 9.dxc5 dxc4
10.Bxc4 Bxc5 11.Qxd8 Rxd8 12.Ke2 Nbd7 13.Rhd1 a6 14.Rac1 Be7 15.Bd3 b5 16.Bb1 h6 17.Kf1
Kf8 18.Ne2 Rac8 19.Rxc8 Rxc8 20.Ne5 Nxe5 21.Bxe5 Ng4 22.Bg3 Ke8 23.h3 Nf6 24.Be5 g6
25.Rc1 Rxc1+ 26.Nxc1 Ne4 27.Ke2 Bb4 28.Bxe4 Bxe4 29.Nd3 Be7 30.f3 Bb7 31.e4 f6 32.Bd4
e5 33.Bc5 Bd8 34.Bd6 Bc8 35.Nc5 h5 36.a3 h4 37.b4 Kf7 38.Kf2 Bb6 39.g4 hxg3+ 40.Kxg3
a5 41.bxa5 Bxa5 42.a4 bxa4 43.Nxa4 Ba6 44.Bc5 Bb5 45.Nb2 Be1+ 46.Bf2 Bd2 47.Nd1 f5
48.exf5 gxf5 49.Kg2 Ke6 50.Ne3 Bb4 51.Nf1 Be8 52.Ng3 Be7 53.Bb6 Bc6 54.Bc7 Bh4 55.Bb8
Bd8 56.Kf2 Bd7 57.Kg2 Bc8 58.Ba7 Kd5 59.Bf2 Bd7 60.Ba7 Kc4 61.Bb8 Kd4 62.Ba7+ Kd5
63.Bb8 Bf6 64.Nh5 Bh8 65.Kf2 Ke6 66.Ng3 Bf6 67.Kg2 Bg5 68.Bc7 Be8 69.Ne2 Bh4 70.Ng3
Bg6 71.Bb6 Kd5 72.Bf2 Bf6 73.Bb6 Kc4 74.Kf2 Kd3 75.Bc7 Kd4 76.Bb6+ Kd5 77.Kg2 Bh4
78.Bf2 Bf6 79.Bb6 Kc4 80.Kf2 Kd3 81.Bc7 f4 82.Ne2 Bh4+ 83.Kf1 Ke3 84.Bxe5 Bd3 85.Bxf4+
Kxf3 86.Kg1 Bxe2 87.Bc7 Bc4 88.Kh2 Bd5 89.Bd6 Kf2 90.Bc5+ Kf1 91.Bd6 Bg2 92.Bg3 Bf6
93.Bd6 Kf2 94.Bc5+ Kf3 95.Bd6 Bd8 1/2-1/2

[Event "1. Bundesliga 2017/2018"]
[Site "Grieskirchen"]
[Date "2018.01.20"]
[Round "7"]
[Board "2"]
[White "Martinovic, Sasa"]
[Black "Bromberger, Stefan"]
[Result "1-0"]
[WhiteElo "2594"]
[BlackElo "2479"]
[PlyCount "95"]
[EventDate "2017.11.16"]
[EventType "team"]
[EventRounds "11"]
[EventCountry "AUT"]
[WhiteTeam "SK Hohenems"]
[BlackTeam "SIR Royal Salzburg"]

1.d4 d5 2.c4 e6 3.Nf3 Nf6 4.e3 c5 5.Nc3 dxc4 6.Bxc4 a6 7.O-O b5 8.Be2 Nc6 9.dxc5 Qxd1
10.Rxd1 Bxc5 11.Bd2 Bb7 12.Rac1 Be7 13.Nxb5 axb5 14.Bxb5 O-O 15.Bxc6 Bxc6 16.Rxc6
Rxa2 17.Rc7 Bd6 18.Rb7 Ne4 19.Be1 Rc8 20.Nd4 Bf8 21.Kf1 e5 22.Ne2 Nd6 23.Rb3 Rc2 24.Rd2
Rxd2 25.Bxd2 Nc4 26.Bc1 g6 27.Ke1 e4 28.Kd1 f5 29.Kc2 Ne5 30.Bd2 Ra7 31.h3 Nd3 32.f3
exf3 33.gxf3 Nf2 34.Nf4 g5 35.Ne6 Be7 36.Rb5 Nxh3 37.Rxf5 Ra6 38.Nd4 h5 39.e4 Rg6
40.b4 h4 41.b5 Nf2 42.Nc6 Bd8 43.Rd5 Bf6 44.b6 Rg7 45.e5 Bxe5 46.Rxe5 h3 47.Re8+ Kh7
48.Bc3 1-0